000 01546nam a2200253Ia 4500
003 Ost
005 20260507075249.0
008 260507s9999||||xx |||||||||||||| ||und||
020 _a48621199579
040 _cfsecg
041 _aara
082 _a330
100 _aياغي، محمد عبد الفتاح
_eمؤلف
245 0 _aاتخاذ القرارات التنظيمية /
_c محمد عبد الفتاح ياغي
250 _aطبعة 2
260 _aعمان:
_bدار وائل,
_c2010
300 _a302 صفحة؛
_bإيضاحات ؛
_c24 سم
504 _aمراجع : لكل فصل مرجع
520 _aالتعريف باتخاذ القرارات التنظيمية ، تطور الفكر الاداري في موضوع اتخاذ القرارات التنظيمية ، نموذج اتخاذ القرارات الادارية ، خطوات الاسلوب العلمي لاتخاذ القرارات التنظيمية ( مراحل عملية اتخاذ القرارات التنظيمية ) ، دور المعلومات في اتخاذ القرارات التنظيمية ، دور الاتصال الاداري في تبادل المعلومات الداخلة و الخارجة من التنظيم و كيفية تحسينها ، كيفية تحسين عملية اتخاذ القرارات التنظيمية ( تقرير حول الائتمار بالقرارات المؤمنة )
653 _aاتخاذ القرارات
653 _aادارة الاعمال
653 _aالادارة
942 _cكتاب
999 _c43681
_d43681